Arguing in communities /
Arguing and living in communities; Types of claims; Continuing the conversation: an anthology of arguments.
Bewaard in:
| Hoofdauteur: | |
|---|---|
| Formaat: | Onbekend |
| Taal: | English |
| Gepubliceerd in: |
Mountain View, CA. :
Mayfield Publishing,
1999.
|
| Editie: | 2nd ed. |
| Onderwerpen: | |
| Tags: |
Voeg label toe
Geen labels, Wees de eerste die dit record labelt!
|
| Thư viện lưu trữ: | Mạng thư viện Đại học Đà Nẵng |
|---|
| LEADER | 01261na a2200373 4500 | ||
|---|---|---|---|
| 001 | 000032590 | ||
| 003 | 8702 | ||
| 005 | 20221026145352.0 | ||
| 008 | 151002s1999 000 | ||
| 020 | |a 0767404963 | ||
| 040 | |a Lnn |c Lnn |d Lnn | ||
| 041 | 0 | |a eng | |
| 082 | 1 | 4 | |a 808 |b HA-G |
| 100 | 1 | |a Hatch, Gary Layne. | |
| 245 | 1 | 0 | |a Arguing in communities / |c Gary Layne Hatch. |
| 250 | |a 2nd ed. | ||
| 260 | |a Mountain View, CA. : |b Mayfield Publishing, |c 1999. | ||
| 300 | |a xxxii, 624 p. ; |c 24 cm. | ||
| 500 | |a Includes index. | ||
| 520 | 3 | |a Arguing and living in communities; Types of claims; Continuing the conversation: an anthology of arguments. | |
| 630 | 0 | 4 | |a Communication. |
| 650 | 0 | |a Persuasion (Rhetoric) | |
| 650 | 0 | |a Reasoning. | |
| 650 | 0 | |a Communication |x Social aspects. | |
| 650 | 0 | |a Rhetoric |x Research |x Methodology. | |
| OWN | |a LNN | ||
| AVA | |a UDN50 |b LNN |c English |e available |t Error 5001 Not defined in file expand_doc_bib_avail. |f 3 |g 0 |h N |i 0 |j AN | ||
| 999 | |a From the UDN01 | ||
| AVA | |a UDN50 |b LNN |c English |e available |t Error 5001 Not defined in file expand_doc_bib_avail. |f 3 |g 0 |h N |i 0 |j AN | ||
| TYP | |a Printed language | ||
| 980 | |a Mạng thư viện Đại học Đà Nẵng | ||


